ফ্যাসিবাদ-বিরোধী সংগ্রামে অবিভক্ত বাঙলা / (Record no. 61537)
[ view plain ]
| 000 -LEADER | |
|---|---|
| fixed length control field | 00941nam a2200241 a 4500 |
| 001 - CONTROL NUMBER | |
| control field | 61537 |
| 003 - CONTROL NUMBER IDENTIFIER | |
| rucl marc code | BD-RjUL |
| 005 - DATE AND TIME OF LATEST TRANSACTION | |
| control field | 20211209080956.0 |
| 008 - FIXED-LENGTH DATA ELEMENTS--GENERAL INFORMATION | |
| fixed length control field | 170119s1989 ii ||||| |||| 00| 0 ben d |
| 020 ## - INTERNATIONAL STANDARD BOOK NUMBER | |
| Terms of availability | : IRs 50.00 |
| 035 ## - SYSTEM CONTROL NUMBER | |
| System control number | (BD-RjUL)61661 |
| 040 ## - CATALOGING SOURCE | |
| Original cataloging agency | BD-RjUL |
| Language of cataloging | ben |
| Transcribing agency | BD-RjUL |
| 041 ## - LANGUAGE CODE | |
| Language code of text/sound track or separate title | ben |
| 082 ## - DEWEY DECIMAL CLASSIFICATION NUMBER | |
| Edition number | 23 |
| Classification number | 335.60954 |
| Author mark and year | DAF 1989 |
| 100 ## - MAIN ENTRY--PERSONAL NAME | |
| Personal name | দাশ, সুস্মাত |
| 9 (RLIN) | 177553 |
| 245 10 - TITLE STATEMENT | |
| Title | ফ্যাসিবাদ-বিরোধী সংগ্রামে অবিভক্ত বাঙলা / |
| Statement of responsibility, etc. | সুস্মাত দাশ |
| 260 ## - PUBLICATION, DISTRIBUTION, ETC. (IMPRINT) | |
| Place of publication, distribution, etc. | কলিকাতা : |
| Name of publisher, distributor, etc. | পাইমা পাবলিকেশন্স, |
| Date of publication, distribution, etc. | ১৯৮৯ |
| 300 ## - PHYSICAL DESCRIPTION | |
| Pagination | [১০], ২৮০ পৃ. ; |
| Size | ২১ সেমি. |
| 504 ## - BIBLIOGRAPHY, ETC. NOTE | |
| Bibliography, etc | নির্ঘন্ট সম্বলিত |
| 650 ## - SUBJECT ADDED ENTRY--TOPICAL TERM | |
| Topical term or geographic name as entry element | ফ্যাসিবাদ |
| Geographic subdivision | বেঙ্গল |
| 9 (RLIN) | 183367 |
| Topical term or geographic name as entry element | Fasicism |
| Geographic subdivision | Bengal |
| 9 (RLIN) | 183368 |
| 942 ## - ADDED ENTRY ELEMENTS (KOHA) | |
| Source of classification or shelving scheme | Dewey Decimal Classification |
| Koha item type | Books |
| Lost status | Source of classification or shelving scheme | Damaged status | Not for loan | Collection code | Permanent Location | Current Location | Shelving location | Date acquired | Source of acquisition | Cost, normal purchase price | Total Checkouts | Full call number | Date last seen | Copy number | Koha item type |
|---|---|---|---|---|---|---|---|---|---|---|---|---|---|---|---|
| Dewey Decimal Classification | Not For Loan | Non-fiction | Central Library, University of Rajshahi | Central Library, University of Rajshahi | Reading Room | 17/12/1996 | Ankur Prokasoni, Dhaka | 50.00 | B 335.60954 DAF 1989 | 19/01/2017 | C-1 | Books |